000 00326nam a2200121Ia 4500
008 240731s9999 xx 000 0 und d
022 _a2769-0911
245 0 _aApplied Mathematics in Science and Engineering
260 _bTaylor & Francis
856 _uhttps://www.tandfonline.com/loi/gipe21
942 _2ddc
942 _cTFEJ
999 _c75364
_d75364
945 _a1
_bMadushi Gamage
_c1
_dMadushi Gamage